The Cambridge handbook of personality psychology / (Record no. 9352)
[ view plain ]
| 000 -LEADER | |
|---|---|
| fixed length control field | 00670nam a22002172 4500 |
| 001 - CONTROL NUMBER | |
| control field | 0000020477 |
| 005 - DATE AND TIME OF LATEST TRANSACTION | |
| control field | 20151217152215.0 |
| 008 - FIXED-LENGTH DATA ELEMENTS--GENERAL INFORMATION | |
| fixed length control field | 110919s xx 000 0 eng d |
| 020 ## - INTERNATIONAL STANDARD BOOK NUMBER | |
| International Standard Book Number | 0521680516 : |
| 040 ## - CATALOGING SOURCE | |
| Original cataloging agency | KABU |
| Transcribing agency | KABU |
| 245 14 - TITLE STATEMENT | |
| Title | The Cambridge handbook of personality psychology / |
| Statement of responsibility, etc. | edited by Philip J. Corr and Gerald Matthews. |
| 250 ## - EDITION STATEMENT | |
| Edition statement | 1st ed. |
| 260 ## - PUBLICATION, DISTRIBUTION, ETC. (IMPRINT) | |
| Place of publication, distribution, etc. | Cambridge : |
| Name of publisher, distributor, etc. | C. U. P., |
| Date of publication, distribution, etc. | 2009. |
| 300 ## - PHYSICAL DESCRIPTION | |
| Extent | liv, 850 p. |
| 650 #0 - SUBJECT ADDED ENTRY--TOPICAL TERM | |
| Topical term or geographic name as entry element | Personality. |
| -- | 0000100924 |
| 700 1# - ADDED ENTRY--PERSONAL NAME | |
| Personal name | Corr, Philip J. |
| -- | 0000180754 |
| 700 1# - ADDED ENTRY--PERSONAL NAME | |
| Personal name | Matthews, Gerald. |
| -- | 0000180755 |
| 852 1# - LOCATION | |
| -- | p7285 KES |
| 908 ## - PUT COMMAND PARAMETER (RLIN) | |
| Put command parameter | 110919 |
| 950 ## - LOCAL HOLDINGS (RLIN) | |
| -- | 1 |
| Withdrawn status | Lost status | Source of classification or shelving scheme | Not for loan | Home library | Current library | Date acquired | Total Checkouts | Total Renewals | Full call number | Barcode | Date last seen | Date last checked out | Price effective from | Koha item type |
|---|---|---|---|---|---|---|---|---|---|---|---|---|---|---|
| Library of Congress Classification | Kabarak, Nakuru City Campus | Kabarak, Nakuru City Campus | 17/12/2015 | 1 | 1 | BF698 .C36 2009 c. 1 | 19218 | 23/08/2022 | 15/09/2017 | 17/12/2015 | General Collection |